Beveridge report in brief (Record no. 418591)

000 -LEADER
fixed length control field 00361cam a22001097a 4500
008 - FIXED-LENGTH DATA ELEMENTS--GENERAL INFORMATION
fixed length control field 180718b1943 xxu||||| |||| 00| 0 eng d
082 ## - DEWEY DECIMAL CLASSIFICATION NUMBER
Classification number Q5x42 Un3 a
245 ## - TITLE STATEMENT
Title Beveridge report in brief
Statement of responsibility, etc. by Social Insurance and Allied Services
260 ## - PUBLICATION, DISTRIBUTION, ETC.
Place of publication, distribution, etc. London
Name of publisher, distributor, etc. Her Majesty's Stationery Office
Date of publication, distribution, etc. 1943
300 ## - PHYSICAL DESCRIPTION
Extent 63p.
700 ## - ADDED ENTRY--PERSONAL NAME
Personal name U.K. Social Insurance and Allied Services
Holdings
Withdrawn status Lost status Damaged status Not for loan Permanent Location Current Location Date acquired Full call number Barcode Date last seen Price effective from Koha item type
        Indian Institute of Public Administration Indian Institute of Public Administration 2009-06-22 Q5x42 Un3 a 1498 2018-07-21 2018-07-21 Book

Powered by Koha